| 000 | 00643nam a22001937a 4500 | ||
|---|---|---|---|
| 003 | OSt | ||
| 005 | 20131030123343.0 | ||
| 008 | 130523s2003 sp ||||| |||| 00| 0 spa d | ||
| 040 | _cCDMR | ||
| 245 | 0 | 0 |
_aFotoperiodismo y edición _b: historia y límites jurídicos _cDiego Caballo Ardila (coord.) ; Luis Escobar de la Serna ... [et al.] |
| 260 |
_aMadrid _bUniversitas _c2003 |
||
| 300 | _a388 p. | ||
| 650 | 0 | 4 |
_91270 _aFotoperiodisme |
| 650 | 0 | 4 |
_93144 _aFotografia _xHistòria |
| 650 | 0 | 4 |
_93096 _aFotografia _xDret i legislació |
| 700 | 1 |
_93503 _aCaballo Ardila, Diego _ecoord. |
|
| 700 | 1 |
_93500 _aEscobar de la Serna, Luis |
|
| 942 |
_2udc _cMON |
||
| 999 |
_c6308 _d6308 |
||